000 01290nam a2200229Ia 4500
001 L100-51429
003 IT-CnALBA
008 170116s9999||||xx |||||||||||||| ||und||
040 _aIT-CnALBA
_cIT-CnALBA
041 _aITALIANO
100 _aKIERKEGAARD SOEREN, DANESE.
245 0 _aKIERKEGAARD. IL CONCETTO DELL'ANGOSCIA. SEMPLICE RIFLESSIONE PER LA DIMOSTRAZIONE PSICOLOGICA ORIENTATA...
250 _a1a ed.
260 _aMILANO
_bOPPORTUNITY BOOK EDIT.
_c1995 [1° Ed.:1995 - Ed.Ling.Originale: 1995]
300 _a128 p.
500 _a.... AL PROBLEMA DOGMATICO DEL PECCATO ORIGINALE. CURATORE SEGRE B. UN CRISTIANESIMO OPERANTE E COERENTE. IL DIO DI ABRAMO E IL DIO DEI FILOSOFI. VITA E PASSIONE DI UN CERCATORE DELLA FEDE. VITA E OPERE. RISCHIO E SOLITUDINE NEL CAMMINO VERSO LA SALVEZZA.
501 _aSocietà San Paolo EM - Piazza San Paolo, 14 - 12051 ALBA (CN) (non commercial uses only) ® Copyright 2017
520 _a.... AL PROBLEMA DOGMATICO DEL PECCATO ORIGINALE. CURATORE SEGRE B. UN CRISTIANESIMO OPERANTE E COERENTE. IL DIO DI ABRAMO E IL DIO DEI FILOSOFI. VITA E PASSIONE DI UN CERCATORE DELLA FEDE. VITA E OPERE. RISCHIO E SOLITUDINE NEL CAMMINO VERSO LA SALVEZZA.
650 _aFILOSOFIA E DISCIPLINE COLLEGATE
942 _cBK
957 _71
999 _a63062
_bNO
_g Copie: 1
_c310305
_d310305